International political risk management : (Record no. 15546)

000 -LEADER
fixed length control field 00985cam a22002534a 4500
020 ## - INTERNATIONAL STANDARD BOOK NUMBER
ISBN 0821361546
040 ## - CATALOGING SOURCE
Transcribing agency DLC
082 ## - DEWEY DECIMAL CLASSIFICATION NUMBER
Classification number 332 WOR 2005 A077 Or.
245 00 - TITLE STATEMENT
Title International political risk management :
Remainder of title looking to the future /
260 ## - PUBLICATION, DISTRIBUTION, ETC. (IMPRINT)
Place of publication Washington, D.C. :
Name of publisher World Bank,
Year of publication c2005.
300 ## - PHYSICAL DESCRIPTION
Number of Pages x, 251 p. :
Other physical details ill. ;
Dimensions 24 cm.
500 ## - GENERAL NOTE
General note "Multilateral Investment Guarantee Agency"--Cover.
500 ## - GENERAL NOTE
General note "The papers and commentary in this volume are based on the discussion ... at the ... Symposium on International Political Risk Management hosted by MIGA and Georgetown University, held November 12, 2004"--Introd.
650 #0 - SUBJECT ADDED ENTRY--TOPICAL TERM
Topical Term Risk (Insurance)
650 #0 - SUBJECT ADDED ENTRY--TOPICAL TERM
Topical Term Risk management
650 #0 - SUBJECT ADDED ENTRY--TOPICAL TERM
Topical Term Investment guaranty insurance
650 #0 - SUBJECT ADDED ENTRY--TOPICAL TERM
Topical Term Investments, Foreign
650 #0 - SUBJECT ADDED ENTRY--TOPICAL TERM
Topical Term Political stability
700 1# - ADDED ENTRY--PERSONAL NAME
Personal name Moran, Theodore H.,
700 1# - ADDED ENTRY--PERSONAL NAME
Personal name West, Gerald T.
700 1# - ADDED ENTRY--PERSONAL NAME
Personal name Martin, Geral-Keith.
710 2# - ADDED ENTRY--CORPORATE NAME
Corporate name or jurisdiction name as entry element Multilateral Investment Guarantee Agency.
942 ## - ADDED ENTRY ELEMENTS (KOHA)
Koha item type សៀវភៅភាសាអង់គ្លេស
952 ## - LOCATION AND ITEM INFORMATION (KOHA)
Withdrawn status [LOCAL, KOHA] 0
Holdings
Permanent Location Date acquired Koha item type Lost status Shelving location Barcode Current Location Full call number
Library Block A2017-11-29សៀវភៅភាសាអង់គ្លេស A077A07667Library Block A332 WOR 2005 A077 Or.
មជ្ឈមណ្ឌលឯការនៃសាកលវិទ្យាល័យភូមិន្ទកសិកម្មចំការដូង

Powered by Koha